Les films les plus connus où Emma Watson a joué selon les années - Statistiques

Statistiques générales
  • Ce quiz a été pris 84 fois
  • Le résultat moyen est 9 sur 16
Statistiques - réponses
Hint Réponse % Correct
2017 La Belle et la Bête
84%
2001 Harry Potter à l'école des sorciers
80%
2002 Harry Potter et la chambre des secrets
80%
2005 Harry Potter et la coupe de feu
76%
2004 Harry Potter et le Prisonnier d'Azkaban
73%
2009 Harry Potter et le Prince de Sang-mêlé
69%
2007 Harry Potter et l'Ordre du Phoenix
69%
2010 Harry Potter et les reliques de la mort - partie 1
63%
2011 Harry Potter et les reliques de la mort - partie 2
63%
2014 Noah/Noé
40%
2012 Le Monde de Charlie
36%
2017 The Circle
33%
2019 Les 4 filles du docteur March
32%
2013 The Bling Ring
27%
2015 Colonia
21%
2015 Regression
17%
Aucun quiz correspondant
Distribution des résultats
% des personnes avec chaque résultat
Percentile par nombre de réponses
Votre historique - résultats
Vous n’avez pas pris ce quiz